Foundations of computer-aided chemical process design : proceedings of an international conference, held at New England College, Henniker, New Hampshire, July 6-11, 1980 /

Guardado en:
Autores Corporativos: Proceeding on foundations of computer-aided chemical process design Henniker, New Hampshire), Engineering Foundation (U.S.), American Institute of Chemical Engineers.
Otros Autores: Mah, Richard S. H., (Editor , ed.), Seider, Warren D., (Editor , ed.)
Formato: Libro
Idioma:English
Publicado: New York, N.Y. : Engineering Foundation, c1981.
Materias:
Etiquetas: Agregar Etiqueta
Sin Etiquetas, Sea el primero en etiquetar este registro!
LEADER 01586nam a22003015a 4500
001 EIQ.libpla002081
008 810910s1981####nyua#####b####101#0#eng#d
005 20070413170355.0
245 1 0 |a Foundations of computer-aided chemical process design :  |b proceedings of an international conference, held at New England College, Henniker, New Hampshire, July 6-11, 1980 /  |c Richard S.H. Mah, editor, Warren D. Seider, editor ; sponsored by Engineering Foundation and the American Institute of Chemical Engineers. 
260 |a New York, N.Y. :  |b Engineering Foundation,  |c c1981. 
300 |a 2 v. :  |b il. ;  |c 25 cm. 
504 |a Incluye referencias bibliográfica e índice. 
020 |z 0816901890 (v. 1) 
020 |z 0816901909 (v. 2) 
111 2 |a Proceeding on foundations of computer-aided chemical process design  |d (1980 :  |c Henniker, New Hampshire) 
700 1 |a Mah, Richard S. H.,  |e ed.  |4 edt 
700 1 |a Seider, Warren D.,  |e ed.  |4 edt 
710 2 |a Engineering Foundation (U.S.) 
710 2 |a American Institute of Chemical Engineers. 
082 0 0 |a 660.2/81/02854  |2 19 
650 0 |a Procesos químicos  |x Procesamiento de datos. 
650 0 |a Chemical processes  |x Data processing. 
010 |a  81066725  
040 |a DLC  |c DLC  |d AR-BbSID 
859 |a AR-BbSID  |b BIB. PLAPIQUI  |h 660.281  |i P 942  |p 383  |t Ej. 1  |v Vol.1 Ej.1  |3 Vol. 1 
859 |a AR-BbSID  |b BIB. PLAPIQUI  |h 660.281  |i P 942  |p 2084  |t Ej. 2  |v Vol. 1 Ej. 2  |3 Vol. 1 
859 |a AR-BbSID  |b BIB. PLAPIQUI  |h 660.281  |i P 942  |p 384  |t Ej. 1  |v Vol. 2 Ej. 1  |3 Vol. 2 
859 |a AR-BbSID  |b BIB. PLAPIQUI  |h 660.281  |i P 942  |p 2085  |t Ej. 2  |v Vol. 2 Ej. 2  |3 Vol. 2